| 000 | 00464nam a2200181Ia 4500 | ||
|---|---|---|---|
| 003 | IN-BaIIA | ||
| 008 | 211028s9999 xx 000 0 eng d | ||
| 040 | _cIIA Library | ||
| 080 |
_a52 _bKEN |
||
| 100 |
_aKennedy, Claudius _91233 |
||
| 245 | 2 |
_aA few chapters in astronomy _cClaudius Kennedy |
|
| 260 |
_aLondon _bTaylor and Francis _c1894 |
||
| 300 | _axi, 150p. | ||
| 650 | _aArchives | ||
| 650 |
_aAstronomy _980 |
||
| 650 |
_aAstrophysics _9794 |
||
| 942 | _cBK | ||
| 999 |
_c548 _d548 |
||